Movies Quiz

Random Movies or Actor Quiz

Oscar 'Best Actor' Search Quiz Stats

Quiz Updated Feb 28, 2016

Challenge
Share
Tweet
Embed
Score 0/78 Timer 08:00
1 Play Today
% Correct
Eddie Redmayne
77.4%
Tom Hanks
60.8%
Jack Nicholson
60.2%
Daniel Day-Lewis
59.9%
Dustin Hoffman
59.5%
Marlon Brando
58.2%
Denzel Washington
58.2%
Robert De Niro
57.8%
Sean Penn
57.4%
Anthony Hopkins
56.9%
Russell Crowe
56.7%
Al Pacino
56.7%
Philip Seymour Hoffman
55.9%
Ben Kingsley
54.1%
Jamie Foxx
53.6%
Kevin Spacey
53.5%
Forest Whitaker
52.9%
Colin Firth
52.8%
Adrien Brody
52.3%
Paul Newman
52.1%
Laurence Olivier
52.1%
Sidney Poitier
52%
Jeff Bridges
51.1%
Gregory Peck
51.1%
Henry Fonda
49.8%
Humphrey Bogart
49.7%
Gene Hackman
49.1%
George C. Scott
48.1%
Geoffrey Rush
48%
James Stewart
47.9%
John Wayne
47.8%
Michael Douglas
47.3%
Robert Duvall
47.1%
Jack Lemmon
46.6%
Charlton Heston
46.3%
Spencer Tracy
46%
Clark Gable
45.9%
Roberto Benigni
45.5%
Jeremy Irons
45.2%
% Correct
Jon Voight
44.6%
William Hurt
44.3%
Richard Dreyfuss
44%
Alec Guinness
43.9%
Nicolas Cage
43.2%
Gary Cooper
42.7%
Ernest Borgnine
42.4%
Yul Brynner
41.4%
F. Murray Abraham
41.4%
Burt Lancaster
40.2%
Rex Harrison
39.5%
James Cagney
39.4%
William Holden
39.2%
Peter Finch
39.1%
Rod Steiger
36.8%
Lionel Barrymore
36.4%
Jean Dujardin
36.4%
David Niven
35.8%
Bing Crosby
35.1%
Charles Laughton
34.9%
Maximilian Schell
34.7%
Lee Marvin
33.5%
Cliff Robertson
33.5%
Fredric March
33.1%
Art Carney
32.9%
Paul Scofield
32.9%
Ray Milland
32.8%
Broderick Crawford
31.1%
José Ferrer
30.2%
Emil Jannings
29.6%
Paul Muni
29.5%
Robert Donat
29.2%
Wallace Beery
28.4%
Ronald Colman
27.6%
Victor McLaglen
26.8%
George Arliss
25.9%
Warner Baxter
25.5%
Paul Lukas
25.2%
Leonardo DiCaprio
20.5%

You're not logged in!

Compare scores with friends on all Sporcle quizzes.
Sign Up with Email
OR
Log In

You Might Also Like...

Show Comments

Extras

Top Quizzes Today


Score Distribution

Your Account Isn't Verified!

In order to create a playlist on Sporcle, you need to verify the email address you used during registration. Go to your Sporcle Settings to finish the process.